[Event "CHN-chT (Women)"]
[Site "Qingdao"]
[Date "2024.04.09"]
[Round "8.2"]
[White "Zhang, Xiao"]
[Black "Li, Junyin"]
[Result "1/2-1/2"]
[WhiteElo "2288"]
[BlackElo "2105"]
[PlyCount "95"]
[EventDate "2024.04.02"]
[EventType "team-swiss"]
[EventRounds "9"]
[EventCountry "CHN"]
[SourceTitle "CB16_2024"]
[SourceDate "2024.04.17"]
[SourceVersion "1"]
[SourceVersionDate "2024.04.17"]
[SourceQuality "1"]
[WhiteTeam "Jiangsu (W)"]
[BlackTeam "Hebei (W)"]
[WhiteTeamCountry "CHN"]
[BlackTeamCountry "CHN"]

1. d4 Nf6 2. Bg5 d6 3. Bxf6 gxf6 4. e3 e5 5. Nc3 Nc6 6. g3 h5 7. Bg2 Bg4 8. Qd3 Qd7 9. Nd5 Bg7 10. h3 Be6 11. Qb5 0-0 12. Qxb7 Bxd5 13. Bxd5 Ne7 14. Bb3 a5 15. a4 exd4 16. 0-0-0 Rab8 17. Qf3 c5 18. exd4 c4 19. Bxc4 Qxa4 20. Qd3 Qa1+ 21. Kd2 Qxb2 22. Ne2 d5 23. Bb3 Rfc8 24. Ra1 Rxb3 25. Qxb3 Qxb3 26. cxb3 Rb8 27. Rhb1 Bh6+ 28. f4 Nc6 29. Rc1 Rb6 30. Rab1 Bf8 31. Ke3 Ne7 32. g4 h4 33. Ng1 Re6+ 34. Kd3 Nc6 35. Re1 Nb4+ 36. Kd2 Rb6 37. Nf3 Bd6 38. Re8+ Kh7 39. f5 Bf4+ 40. Ke2 Rc6 41. Ra1 Rc2+ 42. Kd1 Rf2 43. Rxa5 Nd3 44. Raa8 Nb2+ 45. Ke1 Nd3+ 46. Kd1 Nb2+ 47. Ke1 Nd3+ 48. Kd1 1/2-1/2

[Event "Wch U20 Girls 39th"]
[Site "Mexico City"]
[Date "2023.09.28"]
[Round "8"]
[White "Mogollon Tobar, Nicolle Juliet"]
[Black "Zhang, Xiao"]
[Result "0-1"]
[WhiteElo "1943"]
[BlackElo "2128"]
[PlyCount "122"]
[EventDate "2023.09.21"]
[EventType "swiss"]
[EventRounds "11"]
[EventCountry "MEX"]
[SourceTitle "EXT 2024"]
[Source "ChessBase"]
[SourceDate "2023.10.10"]
[SourceVersion "1"]
[SourceVersionDate "2023.10.10"]
[SourceQuality "1"]

1. e4 c6 2. d4 d5 3. exd5 cxd5 4. Bd3 Nc6 5. c3 Qc7 6. Ne2 Bg4 7. 0-0 Nf6 8. Qe1 Bxe2 9. Qxe2 e6 10. Nd2 Bd6 11. Nf3 0-0 12. Bg5 Nd7 13. Rae1 Rae8 14. Qc2 h6 15. Be3 f5 16. Bc1 Nf6 17. g3 Ne4 18. Nh4 Qf7 19. f4 g5 20. Bxe4 gxh4 21. Bf3 Kh8 22. Qe2 Qf6 23. Rf2 Rg8 24. Rg2 Re7 25. Bh5 Nb8 26. Kh1 Nd7 27. Reg1 Reg7 28. Qe1 Qe7 29. Re2 Nf8 30. Rgg2 Qc7 31. Qf2 Kh7 32. Qf3 Qe7 33. Qf2 Kh8 34. Qe1 Kh7 35. Qf2 Qd8 36. b3 Be7 37. Qe3 Bf6 38. Ba3 Be7 39. Bxe7 Qxe7 40. Qf2 Ng6 41. Qe1 Nf8 42. Qf2 b5 43. Qe1 Qd6 44. Re3 Rc7 45. Qd2 a5 46. Be2 Qc6 47. Bf1 b4 48. cxb4 Qc1 49. Re1 Qxd2 50. Rxd2 axb4 51. Kg2 Kg7 52. Bb5 Kf6 53. Re3 Ng6 54. Kf3 h5 55. Rde2 Re7 56. Rc2 hxg3 57. hxg3 h4 58. gxh4 Nxh4+ 59. Ke2 Rg4 60. Kd3 Ng2 61. Rf3 Ne1+ 0-1

[Event "Wch U20 Girls 39th"]
[Site "Mexico City"]
[Date "2023.09.22"]
[Round "3"]
[White "Mkrtchyan, Mariam"]
[Black "Zhang, Xiao"]
[Result "1-0"]
[WhiteElo "2343"]
[BlackElo "2128"]
[PlyCount "115"]
[EventDate "2023.09.21"]
[EventType "swiss"]
[EventRounds "11"]
[EventCountry "MEX"]
[SourceTitle "EXT 2024"]
[Source "ChessBase"]
[SourceDate "2023.10.10"]
[SourceVersion "1"]
[SourceVersionDate "2023.10.10"]
[SourceQuality "1"]

1. d4 d5 2. Nf3 Nf6 3. g3 c5 4. Bg2 cxd4 5. 0-0 h6 6. b3 g6 7. Bb2 Bg7 8. Nxd4 e5 9. Nf3 e4 10. Nd4 0-0 11. Na3 Nc6 12. c4 Nxd4 13. Bxd4 Qe7 14. c5 Bd7 15. Nc2 Rfd8 16. Qd2 Bc6 17. Qc3 Rac8 18. a4 Ne8 19. Rfc1 Bxd4 20. Nxd4 Ng7 21. b4 Ne6 22. Ra2 Be8 23. Nxe6 Qxe6 24. Qd4 b6 25. e3 a5 26. Raa1 axb4 27. cxb6 b3 28. Bf1 Rc2 29. Rxc2 bxc2 30. Rc1 Qc6 31. Bb5 Qc8 32. Bxe8 Rxe8 33. Qb2 Qa6 34. Rxc2 Rb8 35. a5 Qxa5 36. b7 Qd8 37. Qb5 Kg7 38. Qc6 Qe7 39. Rb2 Qe5 40. Rb5 Rd8 41. h3 Qa1+ 42. Kg2 Qa4 43. Qc3+ d4 44. Qb2 Rb8 45. Qxd4+ Qxd4 46. exd4 Kf6 47. Kf1 Ke6 48. Ke2 Kd6 49. Ke3 Kc6 50. Rb4 Kd5 51. Kf4 f5 52. h4 Kd6 53. h5 gxh5 54. Kxf5 Kd5 55. Kg6 Kc6 56. Kxh5 Rxb7 57. Rxb7 Kxb7 58. Kxh6 1-0

[Event "CHN-chT (Women)"]
[Site "Hangzhou"]
[Date "2023.05.22"]
[Round "4.3"]
[White "Zou, Xinyi"]
[Black "Zhang, Xiao"]
[Result "0-1"]
[WhiteElo "1672"]
[BlackElo "2108"]
[PlyCount "60"]
[EventDate "2023.05.19"]
[EventType "team-swiss"]
[EventRounds "9"]
[EventCountry "CHN"]
[SourceTitle "CBM 214 Extra"]
[Source "ChessBase"]
[SourceDate "2023.07.31"]
[SourceVersion "1"]
[SourceVersionDate "2023.07.31"]
[SourceQuality "1"]
[WhiteTeam "Hainan (W)"]
[BlackTeam "Jiangsu (W)"]
[WhiteTeamCountry "CHN"]
[BlackTeamCountry "CHN"]

1. c4 Nf6 2. Nc3 e6 3. e4 d5 4. e5 d4 5. exf6 dxc3 6. bxc3 Qxf6 7. d4 e5 8. Nf3 Nc6 9. d5 e4 10. Nd4 Ne5 11. Nb5 Bc5 12. Qc2 0-0 13. Nd4 Qg6 14. Be3 f5 15. Nxf5 Bxf5 16. Bxc5 e3 17. Qb2 exf2+ 18. Bxf2 Bd3 19. Qd2 Bxf1 20. Rxf1 Nxc4 21. Qd4 Qc2 22. Be3 Nxe3 23. Rxf8+ Kxf8 24. Qc5+ Kf7 25. Qxc7+ Kg8 26. Qe5 Nxg2+ 27. Kf1 Rf8+ 28. Kg1 Qf2+ 29. Kh1 Ne3 30. Qe6+ Kh8 0-1

[Event "CHN-ch (Women)"]
[Site "Xinghua"]
[Date "2023.05.16"]
[Round "11"]
[White "Zhang, Xiao"]
[Black "Yan, Tianqi"]
[Result "1/2-1/2"]
[WhiteElo "2108"]
[BlackElo "2220"]
[PlyCount "102"]
[EventDate "2023.05.06"]
[EventType "tourn"]
[EventRounds "11"]
[EventCountry "CHN"]
[SourceTitle "CBM 215 Extra"]
[Source "ChessBase"]
[SourceDate "2023.09.30"]
[SourceVersion "1"]
[SourceVersionDate "2023.09.30"]
[SourceQuality "1"]

1. d4 Nf6 2. c4 e6 3. Nf3 d5 4. Nc3 dxc4 5. e4 Bb4 6. Bxc4 Nxe4 7. 0-0 Nf6 8. Qa4+ Nc6 9. Ne5 a5 10. Nxc6 bxc6 11. Qxc6+ Bd7 12. Qf3 0-0 13. Rd1 a4 14. a3 Bd6 15. Bg5 h6 16. Bh4 Be7 17. Rac1 Rb8 18. Rc2 Rb6 19. Qe2 Re8 20. Bg3 Bd6 21. Be5 Bc6 22. Rd3 Nd7 23. Rg3 Nxe5 24. dxe5 Bf8 25. Bd3 Re7 26. Be4 Rd7 27. h3 g6 28. Bxc6 Rxc6 29. Nxa4 Rxc2 30. Qxc2 Rd1+ 31. Kh2 Bg7 32. f4 Qd4 33. Rf3 g5 34. Nc3 Qg1+ 35. Kg3 gxf4+ 36. Rxf4 Qe3+ 37. Kg4 Bxe5 38. Qf2 Qxf2 39. Rxf2 Bxc3 40. bxc3 Ra1 41. Rf4 Rxa3 42. Rc4 Ra7 43. Rc6 Kg7 44. Kh5 Kh7 45. Rc5 Kg7 46. Rc6 Ra2 47. g3 Ra7 48. Rc5 Rb7 49. Rc6 Ra7 50. Rc5 Rb7 51. Rc6 Ra7 1/2-1/2